Sports Quiz

Random Sports or MLB Quiz
Score 0/159 Timer 15:00
0 Plays Today
Stat Player % Correct
RBIsMiguel Cabrera
94.7%
DoublesMiguel Cabrera
94.7%
HitsMiguel Cabrera
94.7%
AverageMelky Cabrera
93.8%
TriplesMelky Cabrera
93.8%
HitsMelky Cabrera
93.8%
Home RunsJosh Hamilton
91.9%
RBIsJosh Hamilton
91.9%
RunsJose Bautista
90%
Home RunsJose Bautista
90%
RBIsJose Bautista
90%
Base on BallsJose Bautista
90%
AverageMike Trout
88%
Stolen BasesMike Trout
88%
RunsMike Trout
88%
Home RunsAdam Dunn
86.1%
RBIsAdam Dunn
86.1%
Base on BallsAdam Dunn
86.1%
Strikeouts (Batter)Adam Dunn
86.1%
AverageCarlos Gonzalez
83.7%
RunsCarlos Gonzalez
83.7%
HitsCarlos Gonzalez
83.7%
DoublesAdrian Gonzalez
83.3%
WinsGio Gonzalez
83.3%
Strikeouts (Pitcher)Gio Gonzalez
83.3%
RunsCurtis Granderson
82.3%
Home RunsCurtis Granderson
82.3%
Base on BallsCurtis Granderson
82.3%
Strikeouts (Batter)Curtis Granderson
82.3%
Strikeouts (Pitcher)Justin Verlander
80.4%
ERAJustin Verlander
80.4%
WHIPJustin Verlander
80.4%
HitsDerek Jeter
80.4%
AverageAndrew McCutchen
79.9%
RunsAndrew McCutchen
79.9%
RBIsAndrew McCutchen
79.9%
HitsAndrew McCutchen
79.9%
AverageJoey Votto
79.4%
DoublesJoey Votto
79.4%
Base on BallsJoey Votto
79.4%
RBIsPrince Fielder
78%
DoublesRobinson Cano
75.6%
Home RunsRobinson Cano
75.6%
RunsRobinson Cano
75.6%
HitsRobinson Cano
75.6%
AverageDavid Wright
74.2%
DoublesDavid Wright
74.2%
Base on BallsDavid Wright
74.2%
HitsDavid Wright
74.2%
Home RunsRyan Braun
73.7%
RBIsRyan Braun
73.7%
Stolen BasesJose Reyes
73.7%
TriplesJose Reyes
73.7%
Stat Player % Correct
Home RunsAdam Jones
73.7%
WinsR.A. Dickey
72.7%
Strikeouts (Pitcher)R.A. Dickey
72.7%
ERAR.A. Dickey
72.7%
WHIPR.A. Dickey
72.7%
AverageAdrian Beltre
68.9%
HitsAdrian Beltre
68.9%
Strikeouts (Pitcher)Matt Cain
67.5%
WHIPMatt Cain
67.5%
AveragePaul Konerko
66.5%
Home RunsMark Trumbo
66.5%
DoublesAramis Ramirez
66.5%
RunsDavid Ortiz
66%
Home RunsDavid Ortiz
66%
Base on BallsDavid Ortiz
66%
Strikeouts (Batter)Kelly Johnson
66%
SavesJim Johnson
66%
DoublesDavid Ortiz
66%
RunsIan Kinsler
65.6%
DoublesIan Kinsler
65.6%
ERAJered Weaver
65.1%
WHIPJered Weaver
65.1%
WinsJered Weaver
65.1%
Home RunsCarlos Beltran
64.6%
RBIsCarlos Beltran
64.6%
SavesRafael Soriano
64.6%
RunsMichael Bourn
62.2%
Stolen BasesDee Gordon
62.2%
Stolen BasesMichael Bourn
62.2%
DoublesAlex Gordon
62.2%
TriplesMichael Bourn
62.2%
Strikeouts (Pitcher)Stephen Strasburg
62.2%
HitsMichael Bourn
62.2%
AverageAustin Jackson
60.3%
WinsDavid Price
59.3%
Home RunsEdwin Encarnacion
58.9%
Strikeouts (Pitcher)Clayton Kershaw
58.9%
WHIPClayton Kershaw
58.9%
Strikeouts (Pitcher)Felix Hernandez
58.4%
AverageJoe Mauer
57.9%
Stolen BasesRajai Davis
56%
SavesCraig Kimbrel
53.6%
Strikeouts (Pitcher)Cole Hamels
53.1%
WinsCole Hamels
53.1%
ERAJohnny Cueto
51.7%
WinsJohnny Cueto
51.7%
ERAC.J. Wilson
51.2%
SavesFernando Rodney
50.7%
AverageCarlos Ruiz
47.4%
TriplesStarlin Castro
46.9%
RunsHunter Pence
45.9%
Base on BallsCarlos Pena
45%
Strikeouts (Batter)Carlos Pena
45%
Stat Player % Correct
ERAChris Sale
45%
WHIPChris Sale
45%
WinsChris Sale
45%
Base on BallsDan Uggla
44.5%
Strikeouts (Batter)Dan Uggla
44.5%
Stolen BasesJuan Pierre
40.2%
Strikeouts (Pitcher)Yu Darvish
40.2%
WinsYu Darvish
40.2%
DoublesShin-Soo Choo
39.2%
Strikeouts (Batter)Rickie Weeks
39.2%
RunsShin-Soo Choo
39.2%
ERARyan Dempster
38.8%
WHIPRyan Dempster
38.8%
SavesChris Perez
37.3%
Base on BallsBen Zobrist
35.9%
SavesHeath Bell
35.9%
Strikeouts (Batter)Corey Hart
35.4%
Strikeouts (Pitcher)Max Scherzer
34.9%
RBIsJosh Willingham
34.4%
WinsA.J. Burnett
34.4%
WHIPJake Peavy
33.5%
Home RunsJosh Reddick
33%
TriplesDexter Fowler
32.1%
TriplesOrlando Hudson
31.6%
WinsLance Lynn
30.6%
WinsMadison Bumgarner
30.6%
SavesJoel Hanrahan
30.6%
WinsMatt Harrison
28.2%
HitsMartin Prado
28.2%
WinsIvan Nova
26.8%
Stolen BasesJason Kipnis
26.3%
ERARyan Vogelsong
26.3%
ERAJames McDonald
25.8%
WHIPJames McDonald
25.8%
RBIsJason Kubel
24.9%
DoublesMichael Cuddyer
24.9%
Base on BallsChase Headley
24.9%
Strikeouts (Batter)Chase Headley
24.9%
Stolen BasesEmilio Bonifacio
24.4%
WinsTommy Hanson
23.4%
WHIPColby Lewis
22.5%
SavesJonathan Broxton
22%
Strikeouts (Batter)Pedro Alvarez
21.5%
Stolen BasesTony Campana
21.1%
SavesJason Motte
21.1%
WHIPKyle Lohse
18.7%
ERAJordan Zimmermann
18.2%
DoublesPaul Goldschmidt
18.2%
RunsAlejandro De Aza
17.2%
SavesAlfredo Aceves
17.2%
Strikeouts (Batter)Danny Espinosa
16.3%
SavesSantiago Casilla
15.8%
Stolen BasesJordan Schafer
6.2%
Remove Ads.
Support Sporcle.
Get the best of Sporcle when you Go Orange. This ad-free experience offers more features, more stats, and more fun while also helping to support Sporcle. Thank you for becoming a member.

You're not logged in!

Compare scores with friends on all Sporcle quizzes.
OR
Log In

Show Comments

Extras

Top Quizzes Today


Score Distribution

Your Account Isn't Verified!

In order to create a playlist on Sporcle, you need to verify the email address you used during registration. Go to your Sporcle Settings to finish the process.

Report this User

Report this user for behavior that violates our Community Guidelines.

Details: